[Event "4NCL/Div4/HC vs. CELT"]
[Site "Sunningdale ENG"]
[Date "2007.05.28"]
[Round "11.2"]
[White "Kemp, Peter D"]
[Black "Briscoe, Christopher"]
[Result "1/2-1/2"]
[WhiteElo "2195"]
[BlackElo "2121"]
[PlyCount "30"]
[EventDate "2007.05.28"]
[EventType "team"]
[EventRounds "11"]
[EventCountry "ENG"]
[WhiteTeam "Celtic Tigers"]
[BlackTeam "H Coventry"]

1. d4 Nf6 2. c4 e6 3. g3 d5 4. Bg2 dxc4 5. Qa4+ c6 6. Qxc4 b5 7. Qc2 Bb7 8. Nf3
Nbd7 9. O-O c5 10. Bg5 Rc8 11. Nbd2 Be7 12. Nb3 Be4 13. Qc3 b4 14. Qe3 c4 15.
Bxf6 Nxf6 1/2-1/2

[Event "4NCL/Div4/HC vs. CELT"]
[Site "Sunningdale ENG"]
[Date "2007.05.28"]
[Round "11.3"]
[White "Stinton-Brownbridge, Michael"]
[Black "Josse, Mark"]
[Result "0-1"]
[WhiteElo "2025"]
[BlackElo "2080"]
[PlyCount "50"]
[EventDate "2007.05.28"]
[EventType "team"]
[EventRounds "11"]
[EventCountry "ENG"]
[WhiteTeam "H Coventry"]
[BlackTeam "Celtic Tigers"]

1. e4 c5 2. Nc3 Nc6 3. f4 g6 4. Nf3 Bg7 5. Bb5 Nd4 6. O-O Nxb5 7. Nxb5 d5 8.
exd5 a6 9. Nc3 Nf6 10. d4 Nxd5 11. dxc5 Nxc3 12. Qxd8+ Kxd8 13. bxc3 Be6 14.
Nd4 Bd5 15. Rb1 Kc7 16. f5 gxf5 17. Rxf5 e5 18. Rg5 Rhg8 19. Rb6 h6 20. Rf5
Rad8 21. Nb3 Bf8 22. Be3 Rxg2+ 23. Kf1 Rxc2 24. Rxe5 Bc4+ 25. Ke1 Re2+ 0-1

[Event "4NCL/Div4/HC vs. CELT"]
[Site "Sunningdale ENG"]
[Date "2007.05.28"]
[Round "11.4"]
[White "Haldane, Robin"]
[Black "Forman, Karl L"]
[Result "1-0"]
[WhiteElo "2117"]
[BlackElo "2039"]
[PlyCount "59"]
[EventDate "2007.05.28"]
[EventType "team"]
[EventRounds "11"]
[EventCountry "ENG"]
[WhiteTeam "Celtic Tigers"]
[BlackTeam "H Coventry"]

1. e4 Nf6 2. e5 Nd5 3. d4 d6 4. c4 Nb6 5. exd6 cxd6 6. Be3 g6 7. Qd2 h5 8. Nc3
Bg7 9. O-O-O Nc6 10. c5 dxc5 11. dxc5 Qxd2+ 12. Rxd2 Nd7 13. Nd5 Be5 14. Nf3
Bb8 15. Bb5 e6 16. Bxc6 bxc6 17. Nb4 Bb7 18. Rhd1 Nf8 19. Bd4 e5 20. Bxe5 Bxe5
21. Nxe5 Ne6 22. Nbxc6 O-O 23. Ne7+ Kg7 24. c6 Ba6 25. Nd7 Rfe8 26. Nd5 Rac8
27. Rc2 Bb5 28. N7f6 Red8 29. c7 Nxc7 30. Nxc7 1-0

[Event "4NCL/Div4/HC vs. CELT"]
[Site "Sunningdale ENG"]
[Date "2007.05.28"]
[Round "11.5"]
[White "Foord, Dominic"]
[Black "Thomas, Robert K"]
[Result "0-1"]
[WhiteElo "1969"]
[BlackElo "2147"]
[PlyCount "32"]
[EventDate "2007.05.28"]
[EventType "team"]
[EventRounds "11"]
[EventCountry "ENG"]
[WhiteTeam "H Coventry"]
[BlackTeam "Celtic Tigers"]

1. d4 Nf6 2. c4 g6 3. Nc3 d5 4. h4 c6 5. Bg5 Bg7 6. e3 Qa5 7. Qb3 Nbd7 8. cxd5
Nxd5 9. Bc4 N7b6 10. Bxd5 Nxd5 11. O-O-O O-O 12. Nxd5 cxd5 13. Kb1 Bf5+ 14. Ka1
Rfc8 15. e4 Bxe4 16. Bd2 Qxd2 0-1

[Event "4NCL/Div4/HC vs. CELT"]
[Site "Sunningdale ENG"]
[Date "2007.05.28"]
[Round "11.6"]
[White "Evans, Craig"]
[Black "Alcock, Graham P"]
[Result "1-0"]
[WhiteElo "2030"]
[BlackElo "1935"]
[PlyCount "49"]
[EventDate "2007.05.28"]
[EventType "team"]
[EventRounds "11"]
[EventCountry "ENG"]
[WhiteTeam "Celtic Tigers"]
[BlackTeam "H Coventry"]

1. e4 e5 2. Nf3 Nc6 3. Bb5 Bc5 4. O-O d6 5. c3 a6 6. Ba4 b5 7. Bc2 h6 8. d4
exd4 9. cxd4 Bb6 10. h3 Nge7 11. Nc3 O-O 12. Be3 f5 13. Qd2 fxe4 14. Nxe4 Nf5
15. Rac1 Nce7 16. Qd3 Nxe3 17. fxe3 d5 18. Ng3 Nf5 19. Ne5 Qd6 20. Nxf5 Bxf5
21. Rxf5 c5 22. Rxf8+ Kxf8 23. Rf1+ Ke7 24. Rf7+ Ke8 25. Qh7 1-0

[Event "4NCL/Div4/MONM vs. OXF2"]
[Site "Sunningdale ENG"]
[Date "2007.05.28"]
[Round "11.1"]
[White "Sully, David"]
[Black "Rawlinson, Aidan"]
[Result "1/2-1/2"]
[WhiteElo "2129"]
[BlackElo "2203"]
[PlyCount "140"]
[EventDate "2007.05.28"]
[EventType "team"]
[EventRounds "11"]
[EventCountry "ENG"]
[WhiteTeam "Monmouth"]
[BlackTeam "Oxford 2"]

1. e4 c5 2. Nf3 e6 3. b3 d5 4. Bb5+ Nc6 5. Qe2 a6 6. Bxc6+ bxc6 7. O-O Nf6 8.
e5 Nd7 9. Bb2 a5 10. d3 Be7 11. c4 a4 12. Nbd2 O-O 13. bxa4 Rxa4 14. Nb3 Qb6
15. Rfb1 Qa7 16. Qc2 Bb7 17. Bc1 Ra8 18. a3 Bc8 19. Nbd2 Qc7 20. Bb2 Nb6 21.
Rc1 Ba6 22. Qb3 d4 23. Re1 {=} Bc8 24. Ne4 Nd7 25. Ng3 R4a7 26. Qc2 Rb8 27. Bc1
Qb6 28. Qe2 Qc7 29. Qe4 f5 30. exf6 Nxf6 31. Qe2 Rb3 32. Ng5 e5 33. Nh5 Bf5 34.
Nxf6+ Bxf6 35. Ne4 Be7 36. f4 exf4 37. Qf3 g5 38. h4 g4 39. Qxf4 Qxf4 40. Bxf4
Rxd3 41. Nd6 Bxd6 42. Bxd6 Rdxa3 43. Rxa3 Rxa3 44. Bxc5 Rd3 45. Re5 Rd1+ 46.
Kf2 Bc2 47. Rg5+ Kf7 48. Rxg4 d3 49. Be3 Ke6 50. Rd4 Ke5 51. Rd7 Bb3 52. c5 h5
53. Rc7 Ke4 54. Re7+ Kd5 55. Rh7 Kc4 56. Rxh5 Kc3 57. Rg5 d2 58. Bxd2+ Rxd2+
59. Ke3 Rd3+ 60. Kf4 Rd4+ 61. Kg3 Rd8 62. h5 Rh8 63. Kf4 Kd4 64. g4 Bc2 65. Kg3
Be4 66. Kh4 Bd5 67. Rf5 Kxc5 68. g5 Kd4 69. g6 Rg8 70. Kg5 Be4 1/2-1/2

[Event "4NCL/Div4/MONM vs. OXF2"]
[Site "Sunningdale ENG"]
[Date "2007.05.28"]
[Round "11.2"]
[White "Hackett, David G"]
[Black "Waterfield, John"]
[Result "1-0"]
[WhiteElo "2156"]
[BlackElo "2035"]
[PlyCount "55"]
[EventDate "2007.05.28"]
[EventType "team"]
[EventRounds "11"]
[EventCountry "ENG"]
[WhiteTeam "Oxford 2"]
[BlackTeam "Monmouth"]

1. e4 c5 2. Nc3 Nc6 3. g3 g6 4. Bg2 Bg7 5. d3 e6 6. f4 Nge7 7. Nf3 O-O 8. O-O
d5 9. e5 f6 10. Re1 fxe5 11. fxe5 Nf5 12. Bf4 a6 13. Qd2 Nfd4 14. Nxd4 cxd4 15.
Nd1 Qc7 16. Nf2 Bd7 17. Ng4 Kh8 18. Bh6 Rf7 19. Bxg7+ Kxg7 20. Qh6+ Kh8 21. Rf1
Raf8 22. Rxf7 Rxf7 23. Rf1 Bc8 24. Rf6 Rxf6 25. exf6 Qf7 26. Qg5 Bd7 27. Qf4
Be8 28. Nh6 1-0

[Event "4NCL/Div4/MONM vs. OXF2"]
[Site "Sunningdale ENG"]
[Date "2007.05.28"]
[Round "11.3"]
[White "Davis, Lee"]
[Black "Dickinson, Timothy R"]
[Result "1-0"]
[WhiteElo "2015"]
[BlackElo "2207"]
[PlyCount "87"]
[EventDate "2007.05.28"]
[EventType "team"]
[EventRounds "11"]
[EventCountry "ENG"]
[WhiteTeam "Monmouth"]
[BlackTeam "Oxford 2"]

1. d4 d6 2. g3 g6 3. Bg2 Bg7 4. Nf3 Nf6 5. O-O O-O 6. c4 Nc6 7. Nc3 e5 8. h3
exd4 9. Nxd4 Ne5 10. b3 c6 11. Bb2 a5 12. e4 a4 13. Nxa4 Rxa4 14. bxa4 Nxc4 15.
Bc3 d5 16. Qb3 Na5 17. Bxa5 Qxa5 18. exd5 Nxd5 19. Bxd5 cxd5 20. Rfd1 Bd7 21.
Rac1 Bxa4 22. Qa3 Ra8 23. Nb3 Qd8 24. Qb4 Bc6 25. Qd2 Ra4 26. Nc5 Ra3 27. Qf4
Rxa2 28. Nxb7 Bxb7 29. Rc7 Qf6 30. Qxf6 Bxf6 31. Rxb7 d4 32. Rd7 Re2 33. Kf1
Re6 34. Rb1 Re7 35. Rxe7 Bxe7 36. Ke2 h5 37. Kd3 Bf6 38. Ke4 h4 39. g4 g5 40.
Rb5 Kg7 41. Kf5 Be7 42. Rd5 Bf6 43. Rd6 Be7 44. Rd7 1-0

[Event "4NCL/Div4/MONM vs. OXF2"]
[Site "Sunningdale ENG"]
[Date "2007.05.28"]
[Round "11.4"]
[White "Starkie, Ray"]
[Black "Thomas, Kevin"]
[Result "1/2-1/2"]
[WhiteElo "2150"]
[BlackElo "1980"]
[PlyCount "66"]
[EventDate "2007.05.28"]
[EventType "team"]
[EventRounds "11"]
[EventCountry "ENG"]
[WhiteTeam "Oxford 2"]
[BlackTeam "Monmouth"]

1. d4 Nf6 2. Nf3 g6 3. Nc3 Bg7 4. e4 d6 5. Be3 c6 6. Qd2 Qa5 7. h3 b5 8. Bd3
Nbd7 9. O-O O-O 10. Rfe1 e5 11. dxe5 dxe5 12. Bh6 Nh5 13. a4 b4 14. Ne2 Rd8 15.
Bxg7 Kxg7 16. g4 Nhf6 17. Ng3 Nf8 18. Qg5 Re8 19. Nd4 Ng8 20. Ndf5+ Kh8 21. Nd6
Re7 22. Bc4 Be6 23. Rad1 Bxc4 24. Nxc4 Qc5 25. b3 f6 26. Qe3 Qxe3 27. Rxe3 Ne6
28. Ne2 c5 29. Rd5 Rc8 30. Red3 Nd4 31. Nxd4 exd4 32. f3 Nh6 33. Rd2 Kg7
1/2-1/2

[Event "4NCL/Div4/MONM vs. OXF2"]
[Site "Sunningdale ENG"]
[Date "2007.05.28"]
[Round "11.5"]
[White "Thomas, Jac"]
[Black "Scott, David A"]
[Result "0-1"]
[WhiteElo "1932"]
[BlackElo "2110"]
[PlyCount "84"]
[EventDate "2007.05.28"]
[EventType "team"]
[EventRounds "11"]
[EventCountry "ENG"]
[WhiteTeam "Monmouth"]
[BlackTeam "Oxford 2"]

1. e4 c5 2. d4 cxd4 3. c3 g6 4. Nf3 Bg7 5. cxd4 d5 6. e5 Bg4 7. h3 Bxf3 8. Qxf3
e6 9. Nc3 a6 10. Be3 Nc6 11. Rd1 f6 12. Qg4 Qe7 13. f4 Nh6 14. Qe2 O-O 15. g4
fxe5 16. fxe5 Qh4+ 17. Bf2 Qg5 18. Bg2 Qf4 19. O-O Qg5 20. Na4 Qe7 21. a3 Rf7
22. Nc5 Raf8 23. Rc1 Rf4 24. Nd3 Nxd4 25. Qe3 Nf3+ 26. Kh1 R4f7 27. Bg3 Nh4 28.
Bf4 Nxg2 29. Kxg2 Qh4 30. Qd2 Nxg4 31. hxg4 Qxg4+ 32. Bg3 Rxf1 33. Rxf1 Rxf1
34. Kxf1 Qxg3 35. Qc3 Qf3+ 36. Ke1 Qe4+ 37. Kf2 h5 38. Nc5 Qxe5 39. Qxe5 Bxe5
40. Nxe6 Bxb2 41. a4 Be5 42. Nd8 b5 0-1

[Event "4NCL/Div4/MONM vs. OXF2"]
[Site "Sunningdale ENG"]
[Date "2007.05.28"]
[Round "11.6"]
[White "Bruce, Dave"]
[Black "Dodington, Russell"]
[Result "1/2-1/2"]
[WhiteElo "2025"]
[BlackElo "1748"]
[PlyCount "39"]
[EventDate "2007.05.28"]
[EventType "team"]
[EventRounds "11"]
[EventCountry "ENG"]
[WhiteTeam "Oxford 2"]
[BlackTeam "Monmouth"]

1. e4 e5 2. Nf3 Nc6 3. Bc4 Be7 4. d3 Nf6 5. O-O O-O 6. Re1 d6 7. c3 Bg4 8. Nbd2
d5 9. Bb5 dxe4 10. dxe4 Nb8 11. h3 Bh5 12. Qb3 c6 13. Be2 Qc7 14. Bd1 Nbd7 15.
Nc4 b5 16. Ne3 Nc5 17. Qc2 Bg6 18. Ng4 Nxg4 19. hxg4 Rad8 20. Bg5 1/2-1/2

[Event "4NCL/Div4/PPA2 vs. MET"]
[Site "Sunningdale ENG"]
[Date "2007.05.28"]
[Round "11.1"]
[White "Dignam, Matthew"]
[Black "Dickson, George"]
[Result "1/2-1/2"]
[WhiteElo "2125"]
[BlackElo "2163"]
[PlyCount "75"]
[EventDate "2007.05.28"]
[EventType "team"]
[EventRounds "11"]
[EventCountry "ENG"]
[WhiteTeam "Poisnd Pawns 2"]
[BlackTeam "Metropolitan"]

1. d4 Nf6 2. c4 c5 3. dxc5 Na6 4. a3 Nxc5 5. b4 Ne6 6. Bb2 d6 7. Nd2 a5 8. e3
Bd7 9. Bd3 axb4 10. axb4 Rxa1 11. Qxa1 Qb6 12. Qa8+ Nd8 13. b5 e5 14. Ne2 Be7
15. O-O O-O 16. Qa2 Ne6 17. Ra1 Nc5 18. Bb1 Be6 19. Bc3 d5 20. Bxe5 dxc4 21.
Nc3 Nb3 22. Nxb3 cxb3 23. Qe2 Rc8 24. Bd3 Qc5 25. Bd4 Qb4 26. Ne4 Nxe4 27. Bxe4
Bf6 28. Bxf6 gxf6 29. f3 f5 30. Bd3 Qc3 31. Rd1 Rd8 32. Kf2 f4 33. exf4 Qd4+
34. Kg3 Kg7 35. f5 Bc4 36. Bxc4 Qxd1 37. Qe5+ Kg8 38. Bxf7+ 1/2-1/2

[Event "4NCL/Div4/PPA2 vs. MET"]
[Site "Sunningdale ENG"]
[Date "2007.05.28"]
[Round "11.2"]
[White "Calvert, D Ian"]
[Black "Winfridsson, Ola"]
[Result "1/2-1/2"]
[WhiteElo "2070"]
[BlackElo "2107"]
[PlyCount "81"]
[EventDate "2007.05.28"]
[EventType "team"]
[EventRounds "11"]
[EventCountry "ENG"]
[WhiteTeam "Metropolitan"]
[BlackTeam "Poisnd Pawns 2"]

1. b3 d5 2. Bb2 c6 3. g3 Nf6 4. Nf3 Bf5 5. Bg2 e6 6. d3 Nbd7 7. O-O h6 8. Nbd2
Be7 9. c4 O-O 10. a3 c5 11. cxd5 exd5 12. d4 Ne4 13. dxc5 Bxc5 14. Nd4 Bh7 15.
b4 Bb6 16. N2f3 Rc8 17. Rc1 Ndf6 18. Bh3 Rc4 19. Ne5 Rxc1 20. Qxc1 Ng5 21. Bg2
Qe7 22. Nef3 Nfe4 23. Nxg5 hxg5 24. e3 g4 25. Ne2 Qg5 26. Nc3 Re8 27. Nxe4 Bxe4
28. Bxe4 dxe4 29. Rd1 Rd8 30. Rxd8+ Qxd8 31. Kg2 Qc7 {=} 32. Qd1 f5 33. a4 a6
34. a5 Ba7 35. Bd4 Bxd4 36. Qxd4 Qc6 37. h3 gxh3+ 38. Kxh3 Qh6+ 39. Kg2 Qh5 40.
Qd5+ Kh7 41. Qxb7 1/2-1/2

[Event "4NCL/Div4/PPA2 vs. MET"]
[Site "Sunningdale ENG"]
[Date "2007.05.28"]
[Round "11.3"]
[White "Goodger, Martyn"]
[Black "Fegan, Chris"]
[Result "1/2-1/2"]
[WhiteElo "2100"]
[BlackElo "2064"]
[PlyCount "36"]
[EventDate "2007.05.28"]
[EventType "team"]
[EventRounds "11"]
[EventCountry "ENG"]
[WhiteTeam "Poisnd Pawns 2"]
[BlackTeam "Metropolitan"]

1. e4 d6 2. d4 Nf6 3. Nc3 g6 4. Be3 c6 5. h3 b5 6. e5 b4 7. exf6 bxc3 8. fxe7
Qxe7 9. bxc3 Bh6 10. Qe2 Ba6 11. c4 Bg7 12. Nf3 O-O 13. Qd2 c5 14. c3 Nc6 15.
Be2 f5 16. Bg5 Qe4 17. O-O cxd4 18. cxd4 Nxd4 1/2-1/2

[Event "4NCL/Div4/PPA2 vs. MET"]
[Site "Sunningdale ENG"]
[Date "2007.05.28"]
[Round "11.4"]
[White "Djabri, Zafer M"]
[Black "McCorry, Robert T"]
[Result "0-1"]
[WhiteElo "2086"]
[BlackElo "2119"]
[PlyCount "110"]
[EventDate "2007.05.28"]
[EventType "team"]
[EventRounds "11"]
[EventCountry "ENG"]
[WhiteTeam "Metropolitan"]
[BlackTeam "Poisnd Pawns 2"]

1. c4 e5 2. Nc3 Nf6 3. Nf3 Nc6 4. e3 d5 5. cxd5 Nxd5 6. Bb5 Nxc3 7. bxc3 Qd6 8.
d4 exd4 9. exd4 Bd7 10. O-O Be7 11. Re1 O-O 12. a4 Rfe8 13. Bd3 Bf6 14. Ba3 Qf4
15. Qc2 g6 16. Qd2 Qxd2 17. Nxd2 Na5 18. Ne4 Bg7 19. Nc5 Bc6 20. Bb4 b6 21. Na6
Rxe1+ 22. Rxe1 Bxa4 23. Nxc7 Rc8 24. Nd5 Nc6 25. Ba6 Rd8 26. Ne7+ Nxe7 27. Rxe7
Bf8 28. Rxa7 Bxb4 29. Bc4 Be8 30. cxb4 Rxd4 31. Ra8 Kf8 32. Be2 Rxb4 33. h3 Ke7
34. Bf3 Rb1+ 35. Kh2 Bd7 36. Ra7 Kd6 37. Rb7 Be6 38. Kg3 Ke5 39. h4 b5 40. Bc6
b4 41. h5 b3 42. hxg6 hxg6 43. Rb4 Kd6 44. Be4 Kc5 45. Rb7 Re1 46. f3 Kd4 47.
Kf2 Rxe4 48. fxe4 Kc3 49. Ke3 b2 50. Rc7+ Bc4 51. Rb7 Kc2 52. Rc7 b1=Q 53.
Rxc4+ Kd1 54. Rd4+ Ke1 55. Kf4 Qb2 0-1

[Event "4NCL/Div4/PPA2 vs. MET"]
[Site "Sunningdale ENG"]
[Date "2007.05.28"]
[Round "11.5"]
[White "Retallick, Lloyd"]
[Black "Djabri, Katherine"]
[Result "1-0"]
[WhiteElo "2065"]
[BlackElo "2027"]
[PlyCount "67"]
[EventDate "2007.05.28"]
[EventType "team"]
[EventRounds "11"]
[EventCountry "ENG"]
[WhiteTeam "Poisnd Pawns 2"]
[BlackTeam "Metropolitan"]

1. d4 Nf6 2. c4 g6 3. Nc3 Bg7 4. e4 d6 5. Nf3 O-O 6. Be2 e5 7. O-O Nc6 8. d5
Ne7 9. Ne1 Ne8 10. Be3 f5 11. f3 f4 12. Bf2 g5 13. Nd3 Rf6 14. c5 Rh6 15. a4
Bd7 16. a5 a6 17. Nb4 Qc8 18. c6 bxc6 19. dxc6 Bh3 20. Ncd5 Ng6 21. g3 fxg3 22.
Bxg3 Bxf1 23. Qxf1 Nf6 24. Bxa6 Qd8 25. Bb7 Nxd5 26. Nxd5 Nf4 27. Bxa8 Qxa8 28.
a6 Nxd5 29. Qc4 Rf6 30. Qxd5+ Kh8 31. Qb3 Rf8 32. Qb7 Rc8 33. Bf2 h5 34. a7 1-0

[Event "4NCL/Div4/PPA2 vs. MET"]
[Site "Sunningdale ENG"]
[Date "2007.05.28"]
[Round "11.6"]
[White "Cooke, Charlie"]
[Black "Jeffries, Majid"]
[Result "0-1"]
[WhiteElo "1945"]
[BlackElo "2012"]
[PlyCount "96"]
[EventDate "2007.05.28"]
[EventType "team"]
[EventRounds "11"]
[EventCountry "ENG"]
[WhiteTeam "Metropolitan"]
[BlackTeam "Poisnd Pawns 2"]

1. d4 Nf6 2. c4 c5 3. d5 e5 4. Nc3 d6 5. e4 Be7 6. Bd3 Nbd7 7. Nge2 O-O 8. O-O
Ne8 9. f4 exf4 10. Bxf4 Bf6 11. b3 Ne5 12. Bc2 a6 13. Rc1 Bd7 14. a4 Rb8 15.
Bd3 Ng6 16. Bg3 Bg5 17. Nf4 Ne5 18. Bc2 g6 19. Qe1 Ng7 20. Rd1 Bg4 21. Rb1 Re8
22. Qf2 Rf8 23. Rbe1 Bf6 24. h3 Bd7 25. Re2 Nxc4 26. bxc4 Bxc3 27. Kh1 Bd4 28.
Qe1 b5 29. axb5 axb5 30. Bd3 g5 31. cxb5 gxf4 32. Bxf4 Bxb5 33. Bxb5 Rxb5 34.
Qg3 Qf6 35. Rd1 Rb6 36. e5 dxe5 37. Bxe5 Bxe5 38. Rxe5 Kh8 39. Rd3 Rb1+ 40. Kh2
Qf1 41. Qe3 Nf5 42. Rxf5 Qxf5 43. d6 c4 44. Rd4 Rb3 45. Qe7 Rg8 46. d7 Rxh3+
47. Kg1 Rxg2+ 48. Kxg2 Qf3+ 0-1

[Event "4NCL/Div4/LEICS vs. OXF3"]
[Site "Sunningdale ENG"]
[Date "2007.05.28"]
[Round "11.1"]
[White "Mansson, James C"]
[Black "Ludbrook, Matt"]
[Result "0-1"]
[WhiteElo "2159"]
[BlackElo "2035"]
[PlyCount "74"]
[EventDate "2007.05.28"]
[EventType "team"]
[EventRounds "11"]
[EventCountry "ENG"]
[WhiteTeam "Leicester"]
[BlackTeam "Oxford 3"]

1. Nf3 g6 2. c4 Bg7 3. e4 c5 4. d4 Nc6 5. dxc5 Qa5+ 6. Nfd2 Qxc5 7. Nb3 Qb6 8.
Be2 Nf6 9. Nc3 O-O 10. Be3 Qc7 11. c5 Rd8 12. O-O d6 13. Nb5 Qd7 14. cxd6 Nxe4
15. Qc1 exd6 16. Rd1 Qe7 17. Bf3 d5 18. Nc5 f5 19. Nxe4 fxe4 20. Bg5 Bf6 21.
Bxf6 Qxf6 22. Nc7 exf3 23. Nxa8 Bg4 24. Nc7 Nd4 25. Rxd4 Qxd4 26. Qg5 Rd7 27.
Re1 Kf7 28. Ne8 Be6 29. Qh6 Qg4 30. Qxh7+ Kxe8 31. Qg8+ Ke7 32. Qg7+ Ke8 33.
Qg8+ Ke7 34. Qg7+ Kd6 35. Qe5+ Kc6 36. Rc1+ Kb6 37. Qe3+ d4 0-1

[Event "4NCL/Div4/LEICS vs. OXF3"]
[Site "Sunningdale ENG"]
[Date "2007.05.28"]
[Round "11.2"]
[White "Burt, Will"]
[Black "Jones, Christopher M"]
[Result "0-1"]
[WhiteElo "2060"]
[BlackElo "2150"]
[PlyCount "74"]
[EventDate "2007.05.28"]
[EventType "team"]
[EventRounds "11"]
[EventCountry "ENG"]
[WhiteTeam "Oxford 3"]
[BlackTeam "Leicester"]

1. e4 d5 2. d4 dxe4 3. Nc3 Nf6 4. f3 e3 5. Bxe3 Bf5 6. Bc4 e6 7. h4 h5 8. Nge2
c6 9. Bg5 Be7 10. Ng3 Bg6 11. Qd2 Qc7 12. f4 Nbd7 13. O-O-O O-O-O 14. Rhe1 Nb6
15. Bf1 Kb8 16. Nge4 Bxe4 17. Nxe4 Nxe4 18. Rxe4 f6 19. Rxe6 fxg5 20. fxg5 Bd6
21. Kb1 Rde8 22. Qe2 Rxe6 23. Qxe6 Bg3 24. Be2 Bxh4 25. g6 Qe7 26. Qe5+ Qxe5
27. dxe5 Re8 28. Bxh5 Rxe5 29. g4 Re1 30. Rxe1 Bxe1 31. Kc1 Kc7 32. Kd1 Bh4 33.
Ke2 Kd6 34. Kd3 Bg5 35. c4 c5 36. b3 Nd7 37. Ke4 Ke6 0-1

[Event "4NCL/Div4/LEICS vs. OXF3"]
[Site "Sunningdale ENG"]
[Date "2007.05.28"]
[Round "11.3"]
[White "Gibson, Christopher A"]
[Black "Terry, Sean"]
[Result "1-0"]
[WhiteElo "2024"]
[BlackElo "2040"]
[PlyCount "85"]
[EventDate "2007.05.28"]
[EventType "team"]
[EventRounds "11"]
[EventCountry "ENG"]
[WhiteTeam "Leicester"]
[BlackTeam "Oxford 3"]

1. d4 Nf6 2. c4 g6 3. Nc3 Bg7 4. e4 d6 5. f3 c6 6. Be3 a6 7. a4 a5 8. Bd3 Na6
9. Rc1 Nb4 10. Bb1 Be6 11. b3 Bd7 12. e5 Ng8 13. f4 Nh6 14. h3 Nf5 15. Bf2 h5
16. Nf3 dxe5 17. dxe5 Be6 18. O-O Qc7 19. Ne4 Rd8 20. Qe2 Bc8 21. Rcd1 O-O 22.
g4 hxg4 23. hxg4 Nh6 24. Nh2 f6 25. exf6 exf6 26. Bc5 Rxd1 27. Rxd1 Rd8 28. Bd6
Qd7 29. Nc5 Qf7 30. Ne4 Qe6 31. Qf3 Nxg4 32. Nc5 Nxh2 33. Kxh2 Qg4 34. Qxg4
Bxg4 35. Rg1 Bh5 36. Bc7 Rd2+ 37. Rg2 Rxg2+ 38. Kxg2 Bf8 39. Nxb7 Bd1 40. Bxa5
Kf7 41. Bxb4 Bxb4 42. a5 Bg4 43. f5 1-0

[Event "4NCL/Div4/LEICS vs. OXF3"]
[Site "Sunningdale ENG"]
[Date "2007.05.28"]
[Round "11.4"]
[White "Levicki, Jeffrey"]
[Black "Mapletoft, Alexander J"]
[Result "1-0"]
[WhiteElo "1853"]
[BlackElo "1880"]
[PlyCount "103"]
[EventDate "2007.05.28"]
[EventType "team"]
[EventRounds "11"]
[EventCountry "ENG"]
[WhiteTeam "Oxford 3"]
[BlackTeam "Leicester"]

1. e4 e5 2. Nf3 Nc6 3. Bb5 a6 4. Bxc6 dxc6 5. O-O Bg4 6. h3 h5 7. d3 Bxf3 8.
Qxf3 Qf6 9. Qxf6 Nxf6 10. f4 Bd6 11. Nd2 O-O-O 12. fxe5 Bxe5 13. Nc4 Rhe8 14.
Bg5 Bd4+ 15. Kh1 b5 16. Ne3 Nxe4 17. dxe4 f6 18. c3 Bb6 19. Nf5 fxg5 20. Nxg7
Rxe4 21. Nxh5 Re2 22. Rf5 Rdd2 23. Rxg5 Rxb2 24. Rg8+ Kb7 25. a4 bxa4 26. Rxa4
Re1+ 27. Kh2 Bg1+ 28. Kg3 Bf2+ 29. Kg4 Bb6 30. Nf4 Rc2 31. Rc4 Be3 32. Rb4+ Bb6
33. Rb3 Re4 34. Kf5 Rc4 35. Rg3 Rf2 36. Rf3 Rxf3 37. gxf3 Rc5+ 38. Kg4 Re5 39.
h4 Ka7 40. h5 Be3 41. Rb4 a5 42. Rc4 Rc5 43. Re4 Bd2 44. Ne6 Rxc3 45. f4 Ra3
46. h6 a4 47. h7 Bc3 48. Nd4 Bxd4 49. Rxd4 c5 50. Rc4 Ra1 51. h8=Q Rg1+ 52. Kf5
1-0

[Event "4NCL/Div4/LEICS vs. OXF3"]
[Site "Sunningdale ENG"]
[Date "2007.05.28"]
[Round "11.5"]
[White "Hewitt, Sean D"]
[Black "Zhang, Marco"]
[Result "0-1"]
[WhiteElo "1945"]
[BlackElo "1890"]
[PlyCount "92"]
[EventDate "2007.05.28"]
[EventType "team"]
[EventRounds "11"]
[EventCountry "ENG"]
[WhiteTeam "Leicester"]
[BlackTeam "Oxford 3"]

1. e4 c5 2. Nc3 e6 3. f4 d5 4. Nf3 Ne7 5. Bb5+ Bd7 6. Bxd7+ Nxd7 7. O-O dxe4 8.
Nxe4 Nf5 9. Qe1 Be7 10. b3 Nf6 11. Nxf6+ Bxf6 12. Ne5 O-O 13. Bb2 Nd4 14. Rc1
Qc7 15. c3 Nc6 16. d4 Be7 17. Qg3 Nxe5 18. dxe5 c4 19. f5 exf5 20. Rxf5 b5 21.
Rcf1 Qb6+ 22. Kh1 Qg6 23. Qf3 Rad8 24. h3 Rd2 25. Bc1 Rxa2 26. bxc4 bxc4 27.
Rf4 Qe6 28. Be3 a5 29. Rg4 Rd8 30. Bd4 Bf8 31. Qg3 a4 32. Rf6 Qe8 33. e6 Kh8
34. Rxf7 Rxd4 35. Rgxg7 Rd1+ 36. Kh2 Rxg2+ 37. Kxg2 Qc6+ 38. Qf3 Qxf3+ 39. Kxf3
Bxg7 40. e7 Rf1+ 41. Ke4 Re1+ 42. Kd5 Kg8 43. Rf4 Rxe7 44. Kxc4 Ra7 45. Rf2 a3
46. Kb3 Bxc3 0-1

[Event "4NCL/Div4/LEICS vs. OXF3"]
[Site "Sunningdale ENG"]
[Date "2007.05.28"]
[Round "11.6"]
[White "Henbest, Kevin B"]
[Black "Bryant, Kevin"]
[Result "0-1"]
[WhiteElo "1800"]
[BlackElo "1895"]
[PlyCount "114"]
[EventDate "2007.05.28"]
[EventType "team"]
[EventRounds "11"]
[EventCountry "ENG"]
[WhiteTeam "Oxford 3"]
[BlackTeam "Leicester"]

1. e4 d6 2. d4 Nf6 3. Nc3 g6 4. f4 Bg7 5. Nf3 c5 6. Bb5+ Bd7 7. dxc5 Bxb5 8.
Nxb5 Qa5+ 9. Nc3 Nxe4 10. Bd2 Bxc3 11. Bxc3 Nxc3 12. Qd2 Qxc5 13. bxc3 Nc6 14.
Nd4 Rc8 15. Kd1 O-O 16. Rb1 e5 17. Ne2 exf4 18. Nxf4 Na5 19. Nd5 Nc4 20. Ne7+
Kg7 21. Qd4+ Qxd4+ 22. cxd4 Rce8 23. Rxb7 Rb8 24. Rxb8 Rxb8 25. Ke2 Re8 26. Kd3
Nb2+ 27. Kc3 Na4+ 28. Kb4 Rxe7 29. Kxa4 Re2 30. g3 Rxc2 31. Kb3 Rd2 32. a4 Rxd4
33. a5 Rd5 34. Kb4 a6 35. Rc1 Rb5+ 36. Ka4 Rc5 37. Rb1 d5 38. Rb6 d4 39. Rxa6
Rd5 40. Rb6 d3 41. Rb1 Rd4+ 42. Kb3 Rd5 43. Kc3 Rxa5 44. Kxd3 Ra2 45. Rh1 h5
46. Ke3 Kh6 47. Kf3 Kg5 48. h3 h4 49. g4 f5 50. gxf5 Kxf5 51. Ke3 Rg2 52. Kf3
Rg3+ 53. Kf2 Kf4 54. Rh2 Rb3 55. Rg2 Rb2+ 56. Kf1 Rxg2 57. Kxg2 Ke3 0-1

[Event "4NCL/Div4/PONTY vs. HAL"]
[Site "Sunningdale ENG"]
[Date "2007.05.28"]
[Round "11.1"]
[White "Perrett, David"]
[Black "Addis, Mark"]
[Result "1/2-1/2"]
[WhiteElo "2072"]
[BlackElo "2060"]
[PlyCount "29"]
[EventDate "2007.05.28"]
[EventType "team"]
[EventRounds "11"]
[EventCountry "ENG"]
[WhiteTeam "Pontypridd"]
[BlackTeam "Halesowen"]

1. d4 Nf6 2. Nf3 g6 3. c4 c5 4. Nc3 Bg7 5. Bg5 cxd4 6. Nxd4 Nc6 7. e3 Qa5 8.
Bxf6 Bxf6 9. Qd2 Nxd4 10. exd4 O-O 11. Rd1 Bg7 12. b3 d6 13. Be2 Bd7 14. O-O
Rfe8 15. Nd5 1/2-1/2

[Event "4NCL/Div4/PONTY vs. HAL"]
[Site "Sunningdale ENG"]
[Date "2007.05.28"]
[Round "11.2"]
[White "Lee, Darren"]
[Black "Gilbert, Jonathan A"]
[Result "0-1"]
[WhiteElo "1955"]
[BlackElo "2059"]
[PlyCount "48"]
[EventDate "2007.05.28"]
[EventType "team"]
[EventRounds "11"]
[EventCountry "ENG"]
[WhiteTeam "Halesowen"]
[BlackTeam "Pontypridd"]

1. e4 c5 2. Nf3 Nc6 3. Bb5 g6 4. Bxc6 dxc6 5. d3 Bg7 6. h3 Nf6 7. Nc3 Nd7 8.
Be3 e5 9. Qd2 Qe7 10. O-O Nf8 11. Nh2 Ne6 12. Rad1 g5 13. Rfe1 h5 14. g3 Bh6
15. Kg2 Nf4+ 16. Bxf4 gxf4 17. Qe2 Bd7 18. Nf3 Rg8 19. Qf1 fxg3 20. fxg3 Bf4
21. Ne2 Bxg3 22. Nxg3 h4 23. Ng1 Rxg3+ 24. Kh2 O-O-O 0-1